| 000 | 00442nam a2200145Ia 4500 | ||
|---|---|---|---|
| 008 | 230718s9999 xx 000 0 und d | ||
| 041 | _aeng | ||
| 082 |
_a005.117 _bO'D |
||
| 100 | _aO'Docherty M. | ||
| 245 |
_aObject Oriented Analysis And Design _bUnderstanding System Development With Uml 2.0. |
||
| 260 | _bJohn Wiley | ||
| 365 |
_cRs. _b369.00 |
||
| 700 | _aO'Docherty M. | ||
| 906 |
_dO:0345907-Aug-2013B:IN 79101-Aug-2013 _cCOMP _b922.5 |
||
| 999 |
_c332846 _d332846 |
||